| Поле | Инд. | ПП | Название | Значение |
|---|---|---|---|---|
| Тип записи | a | |||
| Библиографический уровень | b | |||
| 001 | Контрольный номер | RU/IS/BASE/264552847 | ||
| 005 | Дата корректировки | 20200522190614.7 | ||
| 008 | Кодируемые данные | 19951121 | ||
| 084 | a | Индекс другой классификации/Индекс ББК | 63.3(2)613-433 | |
| 097 | 00 | a | 750 | |
| 100 | 10 | a | Автор | Щетинов Ю. |
| q | Полное имя | Щетинов Юрий | ||
| 245 | 00 | a | Заглавие | За кулисами Кронштадского восстания |
| 650 | a | Основная рубрика | история | |
| 653 | 00 | a | Ключевые слова | XX век |
| a | Ключевые слова | Кронштадтский мятеж 1921 | ||
| a | Ключевые слова | Россия | ||
| 773 | 00 | t | Заглавие источника | Родина |
| d | Дата издания источника | 1995 | ||
| g | Прочая информация | № 8, № 9 | ||
| w | Контрольный № источника | RU/IS/BASE/148495352 | ||
| 901 | t | Тип документа | b |